| 000 | 00461nam a2200157 i 4500 | ||
|---|---|---|---|
| 001 | bg | ||
| 100 | 1 | _aWołodko, Zygmunt. | |
| 245 | 0 |
_aGeodezja dla wydziałów melioracji wodnych. _nCz. 1, _pPomiary sytuacyjne / _cZygmunt Wołłodko. |
|
| 260 |
_aŁódź : _bPaństw. Wydawn. Nauk., _c1965. |
||
| 300 |
_a235 s. : _bil. |
||
| 504 | _a[Zawiera bibliogr. s. 232]. | ||
| 040 | _cBPK | ||
| 041 | _apol | ||
| 942 | _cKS | ||
| 008 | s pl f |000 0 pol | ||
| 999 |
_c10585 _d10585 |
||
| 856 |
_uhttp://koha.tu.koszalin.pl/cgi-bin/koha/opac-detail.pl?biblionumber=10585 _yKatalog online BPK |
||